Praga czy Wilno? - klikanie - Statystyki

Ogólne statystyki
  • Ten quiz został rozwiązany 43 razy
  • Średni wynik to 18 z 21
Statystyki odpowiedzi
Hint Odpowiedź % Poprawnych
Jest stolicą Czech Praga
100%
W miejscowości pod tym miastem urodził się Józef Piłsudski Wilno
100%
Jest powierzchniowo większym miastem Praga
96%
Jednym z punktów rozpoznawalnych są Hradczany i Most Karola Praga
96%
Znajduje się w regionie Bohemia Praga
96%
To miasto stanowiło część II RP Wilno
96%
Jest stolicą Litwy Wilno
96%
O obiekcie w tym mieście pisał w Inwokacji Adam Mickiewicz Wilno
96%
To miasto przez pewien okres czasu znajdowało się w Świętym Cesarstwie Rzymskim Praga
92%
Miasto to znajdowało się w Związku Radzieckim Wilno
92%
Posiada system komunikacji tramwajowej Praga
88%
Od nazwy tego miasta nazwano reformy polityczne z 1968 roku Praga
88%
Mieszka tam więcej ludzi Praga
85%
W 1618 doszło tam do defenestracji Praga
85%
W linii prostej jest bliżej Warszawy Wilno
85%
Przepływa przez nie Wełtawa Praga
81%
Według legendy miasto to zostało założone przez Gedymina Wilno
81%
Według wzmianek jest starszym miastem Praga
77%
Posiada starszy uniwersytet Praga
77%
W okresie międzywojennym miasto to stanowiło stolicę państwa Praga
62%
Zabytkowe centrum tego miasta zostało wpisane na listę UNESCO w 1994 r. Wilno
12%
Nie znaleziono quizów pasujących do podanych kryteriów
Rozkład punktacji
Procent ludzi z każdym wynikiem
Percentyl według liczby udzielonych odpowiedzi
Twoja historia wyników
Nie rozwiązałeś tego quizu